<?xml version="1.0" encoding="UTF-8"?>
<record
    xmlns:xsi="http://www.w3.org/2001/XMLSchema-instance"
    xsi:schemaLocation="http://www.loc.gov/MARC21/slim http://www.loc.gov/standards/marcxml/schema/MARC21slim.xsd"
    xmlns="http://www.loc.gov/MARC21/slim">

  <leader>01204nam a2200217 i 4500</leader>
  <controlfield tag="001">96767</controlfield>
  <controlfield tag="003">ES-MaACL</controlfield>
  <controlfield tag="005">20250928102045.0</controlfield>
  <controlfield tag="007">t|</controlfield>
  <controlfield tag="008">050630s1918    sp           ||||1| spa d</controlfield>
  <datafield tag="100" ind1="1" ind2=" ">
    <subfield code="a">Manero, Antonio.</subfield>
    <subfield code="9">75983</subfield>
  </datafield>
  <datafield tag="245" ind1="1" ind2="0">
    <subfield code="a">M&#xE9;xico y solidaridad americana </subfield>
    <subfield code="b">: la doctrina Carranza / </subfield>
    <subfield code="c">Antonio Manero.</subfield>
  </datafield>
  <datafield tag="260" ind1=" " ind2=" ">
    <subfield code="a">Madrid : </subfield>
    <subfield code="b">Editorial Am&#xE9;rica, </subfield>
    <subfield code="c">1918.</subfield>
  </datafield>
  <datafield tag="300" ind1=" " ind2=" ">
    <subfield code="a">244 p. ; </subfield>
    <subfield code="c">19 cm.</subfield>
  </datafield>
  <datafield tag="505" ind1="8" ind2=" ">
    <subfield code="a">Contiene: Conceptos de don Venustiano Carranza.--Carranza y el M&#xE9;xico nuevo (conferencia pronunciada en el Instituto hist&#xF3;rico y geogr&#xE1;nco brasilero)--M&#xE9;xico y sus leyes (conferencia pronunciada en el Colegio de abogados de Lima)-- Las organizaciones bancarias y el caso de M&#xE9;xico (conferencia pronuniada en la Biblioteca nacional de Chile)--M&#xE9;xico y la solidaridad americana (conferencial pronunciada en la Facultad de ciencias econ&#xF3;micas de la Universidad de Buenos Aires)--Discurso pronunciada ante la tumba de Bol&#xED;var.--Nota.</subfield>
  </datafield>
  <datafield tag="600" ind1="1" ind2="4">
    <subfield code="a">Carranza, Venustiano,</subfield>
    <subfield code="d">1859-1920</subfield>
    <subfield code="9">35508</subfield>
  </datafield>
  <datafield tag="600" ind1="1" ind2="4">
    <subfield code="a">Bol&#xED;var, Sim&#xF3;n, </subfield>
    <subfield code="d">1783-1830</subfield>
    <subfield code="9">29964</subfield>
  </datafield>
  <datafield tag="651" ind1=" " ind2="4">
    <subfield code="a">M&#xE9;xico-</subfield>
    <subfield code="x">Historia-</subfield>
    <subfield code="z">1910-1946.</subfield>
    <subfield code="9">9066</subfield>
  </datafield>
  <datafield tag="852" ind1=" " ind2=" ">
    <subfield code="a">ES-MaACL</subfield>
    <subfield code="j">F-4515</subfield>
  </datafield>
  <datafield tag="999" ind1=" " ind2=" ">
    <subfield code="c">96767</subfield>
    <subfield code="d">96767</subfield>
  </datafield>
  <datafield tag="952" ind1=" " ind2=" ">
    <subfield code="0">0</subfield>
    <subfield code="1">0</subfield>
    <subfield code="4">0</subfield>
    <subfield code="7">0</subfield>
    <subfield code="a">ATENEOM</subfield>
    <subfield code="b">ATENEOM</subfield>
    <subfield code="c">DEPO2</subfield>
    <subfield code="d">2008-01-17</subfield>
    <subfield code="e">SC</subfield>
    <subfield code="l">0</subfield>
    <subfield code="o">F-4515</subfield>
    <subfield code="p">1101025</subfield>
    <subfield code="r">2023-02-23 00:00:00</subfield>
    <subfield code="w">2023-02-23</subfield>
    <subfield code="y">MONOGRAFIA</subfield>
  </datafield>
</record>
